[Event "Bundesliga 2015-16"]
[Site "Dortmund GER"]
[Date "2016.03.13"]
[Round "11.1"]
[Board "4"]
[White "Sandipan, Chanda"]
[Black "Berelowitsch, Alexander"]
[Result "1-0"]
[WhiteTitle "GM"]
[BlackTitle "GM"]
[WhiteElo "2574"]
[BlackElo "2521"]
[WhiteTeam "SG Solingen"]
[BlackTeam "SV Muelheim Nord"]
[WhiteFideId "5004225"]
[BlackFideId "14101440"]
[EventDate "2015.09.18"]
[EventType "team"]

1. d4 f5 2. g3 Nf6 3. Bg2 g6 4. Nh3 d6 5. Nc3 Bg7 6. Nf4 e5 7. dxe5 dxe5 8.
Qxd8+ Kxd8 9. Nd3 Re8 10. e4 c6 11. Bg5 Kc7 12. O-O-O Nxe4 13. Nxe4 fxe4 14. Nc5
Bf5 15. Nxe4 Bxe4 16. Bxe4 Nd7 17. h4 Nf6 18. Rde1 Rf8 19. Bg2 Rae8 20. Bd2 Ng4
21. f3 Nf6 22. Rhg1 Nh5 23. Bh1 Bf6 24. Re4 Ng7 25. f4 Nh5 26. Bf3 exf4 27. Rxe8
Rxe8 28. g4 Bd4 29. Rd1 Ng3 30. Bxf4+ Be5 31. Bh6 Re7 32. Rd3 Rf7 33. Bd1 Ne4
34. Rf3 Nd6 35. b3 Rxf3 36. Bxf3 Bf6 37. h5 g5 38. Bf8 Kd7 39. Be2 h6 40. Bd3
Ke6 41. Kd2 Be7 42. Bg7 Bf6 43. Bxh6 Ke7 44. Bg6 Nf7 45. Bxf7 Kxf7 46. Kd3 Be7
47. Ke4 Kf6 48. c3 a5 49. Kd4 b6 50. a4 b5 51. axb5 cxb5 52. c4 bxc4 53. Kxc4
Kf7 54. Kd5 Kf6 55. Kc6 Kf7 56. Kc7 1-0

[Event "Bundesliga 2015-16"]
[Site "Dortmund GER"]
[Date "2016.03.13"]
[Round "11.1"]
[Board "5"]
[White "Levin, Felix"]
[Black "Nikolic, Predrag"]
[Result "0-1"]
[WhiteTitle "GM"]
[BlackTitle "GM"]
[WhiteElo "2503"]
[BlackElo "2606"]
[WhiteTeam "SV Muelheim Nord"]
[BlackTeam "SG Solingen"]
[WhiteFideId "4650905"]
[BlackFideId "14400014"]
[EventDate "2015.09.18"]
[EventType "team"]

1. Nf3 Nf6 2. c4 b6 3. g3 c5 4. Bg2 Bb7 5. O-O g6 6. Nc3 Bg7 7. Re1 d6 8. e4 e5
9. d4 Nc6 10. dxe5 dxe5 11. Nd5 h6 12. b3 O-O 13. Bb2 Re8 14. Qd2 Nh7 15. Rad1
Nf8 16. h4 Ne6 17. Nh2 Ncd4 18. Qd3 Bc6 19. Ng4 h5 20. Nge3 a6 21. Bc3 b5 22.
Rb1 Ra7 23. Bd2 Rb7 24. Bc3 Qd6 25. Rec1 Reb8 26. Qd1 Qd8 27. Ra1 b4 28. Bd2 a5
29. Rab1 a4 30. Nf1 Ra8 31. Be3 axb3 32. axb3 Ra3 33. Nd2 Rba7 34. Rb2 Qf8 35.
Kh2 Be8 36. Bf3 f5 37. exf5 Nxf3+ 38. Nxf3 e4 39. Rd2 Qxf5 40. Ng5 Nd4 41. Rb1
Rd7 42. Qh1 Nxb3 43. Rdd1 Bf7 44. Qxe4 Qxe4 45. Nxe4 Bxd5 46. cxd5 c4 47. Nc5
Nxc5 48. Bxc5 Ra5 49. Bxb4 Rb5 50. Be1 Rdxd5 51. Rxb5 Rxd1 52. Rb8+ 0-1

[Event "Bundesliga 2015-16"]
[Site "Dortmund GER"]
[Date "2016.03.13"]
[Round "11.1"]
[Board "7"]
[White "Feygin, Michael"]
[Black "Naumann, Alexander"]
[Result "1/2-1/2"]
[WhiteTitle "GM"]
[BlackTitle "GM"]
[WhiteElo "2485"]
[BlackElo "2543"]
[WhiteTeam "SV Muelheim Nord"]
[BlackTeam "SG Solingen"]
[WhiteFideId "14103109"]
[BlackFideId "4623169"]
[EventDate "2015.09.18"]
[EventType "team"]

1. e4 e6 2. d4 d5 3. Nc3 Bb4 4. Ne2 Nc6 5. a3 Ba5 6. exd5 exd5 7. g3 Bg4 8. Bg2
Bxc3+ 9. bxc3 Qd7 10. h3 Bxe2 11. Qxe2+ Nge7 12. h4 Qe6 13. Qxe6 fxe6 14. O-O
Kf7 15. Rb1 b6 16. Re1 Na5 17. Bh3 Nf5 18. Bxf5 exf5 19. Re5 g6 20. Bg5 Rhe8 21.
Rxd5 Ke6 22. Rdb5 Nc4 23. a4 a6 24. d5+ Kd7 25. R5b4 Nd6 26. Kf1 Re4 27. Bf4
Rae8 28. Rd4 Nc4 29. Rb4 Re1+ 30. Kg2 Nd6 31. Bxd6 Kxd6 32. Rbc4 R1e4 33. Rc6+
Kd7 34. h5 gxh5 35. Rh6 R8e7 36. Rxh5 R4e5 37. c4 a5 38. c3 Rf7 39. Kf3 Re1 40.
Kf4 Ra1 41. Rxf5 Rxf5+ 42. Kxf5 Rxa4 43. Rh4 h5 44. Ke5 Ra2 45. f4 Re2+ 46. Kd4
Rg2 47. Rxh5 Rxg3 48. Rh7+ Kd6 49. Rh6+ Kd7 50. Rh7+ Kd6 51. Rh6+ Kd7 52. f5 a4
53. Rh7+ Kd6 54. Rh6+ Kd7 55. Rh8 Ke7 56. Rc8 Rg4+ 57. Kd3 Kd7 58. Ra8 Rf4 59.
Rxa4 Rxf5 60. Ra8 Rf4 61. Rh8 Rg4 62. Rh6 Rf4 63. Rc6 Rh4 64. Kc2 Rh1 65. Kb3
Rb1+ 66. Kc2 Rh1 67. Rg6 Rf1 68. Re6 Rh1 69. Kd2 Rh2+ 70. Kd3 Rh4 71. Re4 Rh3+
72. Re3 Rh4 73. Re4 Rh3+ 74. Kd4 c5+ 75. Ke5 Rxc3 76. Rh4 Re3+ 77. Kf4 Rc3 78.
Ke5 Re3+ 79. Kf4 Rc3 80. Rh7+ Kd6 81. Rh6+ Kc7 82. Ke5 Re3+ 83. Kf5 Rf3+ 84. Ke6
Re3+ 85. Kf7 Kd7 86. Rxb6 Re4 87. Rb7+ Kd6 88. Rb6+ Kd7 89. Kf6 Rxc4 90. Ke5 Rh4
91. Rb7+ Kc8 92. Rg7 c4 93. Ke6 Rh6+ 94. Ke7 Kc7 95. Rg4 Rh7+ 96. Ke6 Rh6+ 97.
Ke5 Rh5+ 98. Kd4 c3 99. Rg3 Rh4+ 1/2-1/2

[Event "Bundesliga 2015-16"]
[Site "Dortmund GER"]
[Date "2016.03.13"]
[Round "11.1"]
[Board "8"]
[White "Handke, Florian"]
[Black "Saltaev, Mihail"]
[Result "0-1"]
[WhiteTitle "GM"]
[BlackTitle "GM"]
[WhiteElo "2530"]
[BlackElo "2495"]
[WhiteTeam "SG Solingen"]
[BlackTeam "SV Muelheim Nord"]
[WhiteFideId "4634527"]
[BlackFideId "14200058"]
[EventDate "2015.09.18"]
[EventType "team"]

1. e4 c6 2. d4 d5 3. e5 Bf5 4. h4 Qb6 5. a4 a5 6. Ne2 Na6 7. Nf4 Nh6 8. e6 fxe6
9. Be2 Qb4+ 10. c3 Qd6 11. g4 Be4 12. f3 Bxb1 13. Rxb1 Nf7 14. Qb3 e5 15. Qxb7
Nc7 16. Nd3 exd4 17. cxd4 Nd8 18. Qb6 Nce6 19. h5 Rb8 20. Qxa5 Nxd4 21. Qc3 e5
22. Bd1 N8e6 23. Be3 Be7 24. f4 Bf6 25. Bxd4 exd4 26. Qd2 O-O 27. O-O Bg5 28.
Bc2 Bxf4 29. Nxf4 Rxf4 30. Bf5 Rxf1+ 31. Rxf1 Qg3+ 32. Qg2 Qe3+ 33. Kh1 Ng5 34.
a5 Ra8 35. b4 Ne4 36. Kh2 d3 37. Bd7 Qh6 38. Bf5 Qd6+ 39. Kh3 Qxb4 40. Rf4 Ng5+
41. Kg3 Qe1+ 42. Qf2 d2 0-1

[Event "Bundesliga 2015-16"]
[Site "Dortmund GER"]
[Date "2016.03.13"]
[Round "11.2"]
[Board "1"]
[White "Donchenko, Alexander"]
[Black "Erdos, Viktor"]
[Result "1/2-1/2"]
[WhiteTitle "GM"]
[BlackTitle "GM"]
[WhiteElo "2568"]
[BlackElo "2616"]
[WhiteTeam "SC Hansa Dortmund"]
[BlackTeam "SG Trier"]
[WhiteFideId "24603295"]
[BlackFideId "719978"]
[EventDate "2015.09.18"]
[EventType "team"]

1. Nf3 d5 2. d4 Nf6 3. c4 c6 4. Nc3 a6 5. c5 Bf5 6. Bf4 Nbd7 7. e3 Nh5 8. Bg5 h6
9. Bh4 g5 10. Nd2 Bg6 11. Be2 Ng7 12. Bg3 Nf5 13. b4 Bg7 14. Nf3 Nxg3 15. hxg3
e5 16. Rc1 Qe7 17. dxe5 Nxe5 18. Nxe5 Qxe5 19. Bd3 d4 20. Bxg6 dxc3 21. Bb1 Rd8
22. Qg4 O-O 23. O-O Rd2 24. Bc2 Qe6 25. Qxe6 fxe6 26. Bb3 Kf7 27. Rfd1 Rfd8 28.
Kf1 Ke7 29. g4 R8d7 30. Rxd2 Rxd2 31. Rc2 Rd1+ 32. Ke2 Rb1 1/2-1/2

[Event "Bundesliga 2015-16"]
[Site "Dortmund GER"]
[Date "2016.03.13"]
[Round "11.2"]
[Board "2"]
[White "Lupulescu, Constantin"]
[Black "Mons, Leon"]
[Result "1/2-1/2"]
[WhiteTitle "GM"]
[BlackTitle "IM"]
[WhiteElo "2626"]
[BlackElo "2464"]
[WhiteTeam "SG Trier"]
[BlackTeam "SC Hansa Dortmund"]
[WhiteFideId "1207822"]
[BlackFideId "4614950"]
[EventDate "2015.09.18"]
[EventType "team"]

1. Nf3 d5 2. c4 e6 3. g3 Nf6 4. Bg2 Be7 5. O-O O-O 6. d4 dxc4 7. Qc2 a6 8. a4
Bd7 9. Qxc4 Bc6 10. Bg5 Nbd7 11. Nc3 h6 12. Bxf6 Nxf6 13. b4 Bd5 14. Nxd5 exd5
15. Qb3 c6 16. Rfc1 Ne4 17. e3 Bf6 18. Ra2 Qd7 19. Rac2 Rfc8 20. Ne5 Bxe5 21.
dxe5 Ng5 22. f4 Ne6 23. h4 Rd8 24. Kh2 Qe7 25. Rd1 Nc7 26. Rcd2 Ne8 27. Bh3 f6
28. e4 fxe5 29. exd5 Kh8 30. fxe5 Qxe5 31. Qf3 Qf6 32. Qxf6 Nxf6 33. dxc6 Rxd2+
34. Rxd2 bxc6 35. Rd6 a5 36. b5 cxb5 37. axb5 Rb8 38. Bf1 Ne4 39. Ra6 Nd2 40.
Bd3 Nb3 41. Ra7 a4 42. Bg6 Nc5 43. b6 a3 44. Bf7 g5 45. hxg5 hxg5 46. Ra5 Nd7
47. Rxg5 Rxb6 48. Ra5 Kg7 49. Bc4 Rb2+ 50. Kh3 Nb6 51. Ra7+ Kf8 52. Be6 Re2 53.
Bb3 Re7 54. Rxa3 Kg7 55. Kh4 Rc7 56. g4 Nd7 57. Be6 Nf8 58. Bf5 Re7 59. Ra6 Rc7
60. Kh5 Re7 61. Rb6 Rc7 62. Rb5 Nd7 63. g5 Nf8 64. Rb6 Re7 1/2-1/2

[Event "Bundesliga 2015-16"]
[Site "Dortmund GER"]
[Date "2016.03.13"]
[Round "11.2"]
[Board "3"]
[White "Zelbel, Patrick"]
[Black "Parligras, Mircea-Emilian"]
[Result "0-1"]
[WhiteTitle "IM"]
[BlackTitle "GM"]
[WhiteElo "2432"]
[BlackElo "2584"]
[WhiteTeam "SC Hansa Dortmund"]
[BlackTeam "SG Trier"]
[WhiteFideId "24624322"]
[BlackFideId "1204297"]
[EventDate "2015.09.18"]
[EventType "team"]

1. e4 e5 2. Nf3 Nc6 3. Bb5 Nf6 4. O-O Nxe4 5. Re1 Nd6 6. Nxe5 Be7 7. Bf1 O-O 8.
d4 Nf5 9. Nf3 d5 10. c3 Bd6 11. Bd3 Re8 12. Rxe8+ Qxe8 13. Qc2 g6 14. Nbd2 Nce7
15. Nf1 c6 16. Bg5 Kg7 17. Re1 f6 18. Bc1 Bd7 19. Qd2 Kg8 20. h3 Qf7 21. N1h2
Kh8 22. Ng4 Ng8 23. Re2 Re8 24. Qe1 Rxe2 25. Qxe2 Kg7 26. Ne3 Nxe3 27. Bxe3 Ne7
28. Qd2 Bf5 29. Bxf5 Nxf5 30. g4 Nxe3 31. Qxe3 Qe7 32. Qxe7+ Bxe7 33. Ne1 f5 34.
gxf5 g5 35. Kg2 Kf6 36. Kf3 Kxf5 37. Ng2 Bd6 38. Ne3+ Kg6 39. Ng2 Kh5 40. a4 a6
41. Ne3 Bf4 42. Nf5 Kg6 43. Ng3 Bc1 44. b3 b5 45. Ne2 Bd2 46. Kg4 h5+ 47. Kf3
bxa4 48. bxa4 Kh6 49. Kg3 Kg7 50. Kg2 Kf6 51. Kf3 Kg6 52. Kg2 Kf5 53. f3 h4 54.
Kf2 Ke6 55. Kg2 Kd6 56. f4 gxf4 57. Kf3 Kc7 58. a5 Kd6 59. Kg4 Kd7 60. Kf3 Ke7
61. Kg4 Kf6 0-1

[Event "Bundesliga 2015-16"]
[Site "Dortmund GER"]
[Date "2016.03.13"]
[Round "11.2"]
[Board "4"]
[White "Graf, Felix"]
[Black "Pap, Misa"]
[Result "1/2-1/2"]
[WhiteTitle "IM"]
[BlackTitle "GM"]
[WhiteElo "2479"]
[BlackElo "2488"]
[WhiteTeam "SG Trier"]
[BlackTeam "SC Hansa Dortmund"]
[WhiteFideId "24608904"]
[BlackFideId "921610"]
[EventDate "2015.09.18"]
[EventType "team"]

1. d4 f5 2. Nc3 Nf6 3. d5 c6 4. Bg5 Nxd5 5. Nxd5 cxd5 6. Qxd5 Qb6 7. O-O-O e6 8.
Qf3 Nc6 9. Nh3 d5 10. g4 Ne5 11. Qc3 Nxg4 12. f3 Nf6 13. Bxf6 gxf6 14. e4 fxe4
15. fxe4 e5 16. exd5 Bg4 17. Re1 Qb4 18. Qxb4 Bxb4 19. c3 Bc5 20. Bg2 Rg8 21.
Rhf1 Bd7 22. Nf4 Bb5 23. Rf3 Be7 24. Bh3 Bd7 25. Ne6 Bxe6 26. Bxe6 Rg7 27. Re4
Bd8 28. d6 a5 29. Rd3 Ra6 30. a4 Be7 31. d7+ Kd8 32. Rc4 Rc6 33. Rxc6 bxc6 34.
Rh3 Kc7 35. Rg3 Rxg3 36. hxg3 Bc5 37. g4 e4 38. Kd2 h6 39. Bf5 Kd8 40. Ke2 1/2-1/2

[Event "Bundesliga 2015-16"]
[Site "Dortmund GER"]
[Date "2016.03.13"]
[Round "11.2"]
[Board "5"]
[White "Wegener, Olaf"]
[Black "Jaracz, Pawel"]
[Result "1/2-1/2"]
[WhiteTitle "IM"]
[BlackTitle "GM"]
[WhiteElo "2444"]
[BlackElo "2503"]
[WhiteTeam "SC Hansa Dortmund"]
[BlackTeam "SG Trier"]
[WhiteFideId "4639057"]
[BlackFideId "1102222"]
[EventDate "2015.09.18"]
[EventType "team"]

1. e4 c5 2. Nf3 e6 3. d4 cxd4 4. Nxd4 Nc6 5. Nc3 a6 6. Nxc6 bxc6 7. Bd3 Qc7 8.
O-O Nf6 9. Qe2 d5 10. Bg5 Be7 11. e5 Nd7 12. Bxe7 Kxe7 13. Rae1 g6 14. Qe3 h6
15. Na4 c5 16. c4 d4 17. Qf4 Bb7 18. b3 Bc6 19. Nb2 a5 20. Bc2 a4 1/2-1/2

[Event "Bundesliga 2015-16"]
[Site "Dortmund GER"]
[Date "2016.03.13"]
[Round "11.2"]
[Board "6"]
[White "Cyborowski, Lukasz"]
[Black "Mainka, Romuald"]
[Result "1/2-1/2"]
[WhiteTitle "GM"]
[BlackTitle "GM"]
[WhiteElo "2530"]
[BlackElo "2417"]
[WhiteTeam "SG Trier"]
[BlackTeam "SC Hansa Dortmund"]
[WhiteFideId "1108760"]
[BlackFideId "4600258"]
[EventDate "2015.09.18"]
[EventType "team"]

1. Nf3 Nf6 2. d4 e6 3. c4 d5 4. Nc3 Nbd7 5. cxd5 exd5 6. Bf4 c6 7. e3 Be7 8. h3
O-O 9. Bd3 Re8 10. O-O Nf8 11. Rb1 Ng6 12. Bh2 Bd6 13. Bxd6 Qxd6 14. Qc2 Bd7 15.
b4 Re7 16. b5 c5 17. dxc5 Qxc5 18. Rfc1 Qd6 19. Qa4 b6 20. Rc2 Ne5 21. Nxe5 Qxe5
22. Qd4 Qxd4 23. exd4 Rc8 24. Rbc1 Kf8 25. a4 h6 26. Kf1 Ree8 27. Na2 Rxc2 28.
Rxc2 Rc8 29. Rxc8+ Bxc8 30. Nb4 Bd7 31. Ke2 Ke7 32. f4 Kd6 33. Kf3 g5 34. g4 Ne8
35. Nc2 Ng7 36. f5 Ne8 37. Ne3 f6 38. Ke2 Nc7 39. Kd2 Be8 40. Kc3 Bd7 41. Kb4
Be8 42. Nd1 h5 43. Nc3 hxg4 44. hxg4 Bd7 45. Be2 Bc8 46. a5 bxa5+ 47. Kxa5 Na8
48. Na4 Kc7 49. Bf3 Nb6 50. Nxb6 axb6+ 51. Kb4 1/2-1/2

[Event "Bundesliga 2015-16"]
[Site "Dortmund GER"]
[Date "2016.03.13"]
[Round "11.2"]
[Board "7"]
[White "Kotter, Ralf"]
[Black "Bobras, Piotr"]
[Result "0-1"]
[WhiteTitle "FM"]
[BlackTitle "GM"]
[WhiteElo "2364"]
[BlackElo "2531"]
[WhiteTeam "SC Hansa Dortmund"]
[BlackTeam "SG Trier"]
[WhiteFideId "4614488"]
[BlackFideId "1106880"]
[EventDate "2015.09.18"]
[EventType "team"]

1. e4 c5 2. Nf3 Nc6 3. Bb5 d6 4. O-O Bd7 5. Re1 Nf6 6. c3 a6 7. Bf1 Bg4 8. h3
Bxf3 9. Qxf3 g6 10. Qd1 Bg7 11. d3 O-O 12. Nd2 b5 13. Nf3 b4 14. d4 Nd7 15. Be3
bxc3 16. bxc3 Qa5 17. Qd3 Rfb8 18. Rec1 Rb2 19. Rc2 cxd4 20. Rxb2 dxe3 21. Rc1
exf2+ 22. Rxf2 Qc7 23. Rb2 Nc5 24. Qe3 Ne5 25. Nxe5 Bxe5 26. Rb4 Kg7 27. Rc2 e6
28. Be2 Qe7 29. Qf3 Rc8 30. Rc1 Qg5 31. Rf1 Rc7 32. Rd1 Qh4 33. Rc4 a5 34. Rf1
Qg5 35. Rd1 Rb7 36. Rcd4 Rb2 37. Rxd6 Bxd6 38. Rxd6 Qe5 39. Rd4 Rxa2 40. Rc4 Ra4 0-1

[Event "Bundesliga 2015-16"]
[Site "Dortmund GER"]
[Date "2016.03.13"]
[Round "11.2"]
[Board "8"]
[White "Galyas, Miklos"]
[Black "Karger, Frank"]
[Result "1/2-1/2"]
[WhiteTitle "IM"]
[WhiteElo "2457"]
[BlackElo "2282"]
[WhiteTeam "SG Trier"]
[BlackTeam "SC Hansa Dortmund"]
[WhiteFideId "707244"]
[BlackFideId "4656920"]
[EventDate "2015.09.18"]
[EventType "team"]

1. g3 Nf6 2. Bg2 g6 3. c4 Bg7 4. Nc3 O-O 5. d3 c6 6. e4 d6 7. Nge2 a6 8. O-O b5
9. cxb5 axb5 10. b4 Nbd7 11. h3 Bb7 12. Be3 Ra6 13. Qd2 Ne8 14. Bh6 e5 15. Bxg7
Kxg7 16. f4 f6 17. h4 Nc7 18. f5 gxf5 19. Rxf5 Kh8 20. g4 Rg8 21. Kh2 Nf8 22.
Raf1 Ne8 23. g5 Bc8 24. R5f2 Ra7 25. Ng3 Ng6 26. gxf6 Rf7 27. Nf5 Bxf5 28. exf5
Nf4 29. Rxf4 exf4 30. Qxf4 Nxf6 31. Ne4 Rfg7 32. Bf3 Nxe4 33. dxe4 Qf6 34. Kh3
Qd4 35. h5 Rg3+ 36. Qxg3 Rxg3+ 37. Kxg3 Kg7 38. Rc1 d5 39. exd5 cxd5 40. Rc6
Qe5+ 41. Kg4 Qd4+ 42. Kg3 Qg1+ 43. Kf4 Qd4+ 44. Kg3 Qg1+ 45. Kf4 Qd4+ 1/2-1/2

[Event "Bundesliga 2015-16"]
[Site "Norderstedt GER"]
[Date "2016.03.13"]
[Round "11.4"]
[Board "7"]
[White "Michna, Christian"]
[Black "Voekler, Bernd"]
[Result "1/2-1/2"]
[WhiteTitle "FM"]
[BlackTitle "IM"]
[WhiteElo "2272"]
[BlackElo "2352"]
[WhiteTeam "SK Norderstedt 1975"]
[BlackTeam "Erfurter SK"]
[WhiteFideId "4625293"]
[BlackFideId "4611616"]
[EventDate "2015.09.18"]
[EventType "team"]

1. d4 Nf6 2. Nc3 d5 3. Bg5 Bf5 4. Bxf6 gxf6 5. e3 c6 6. Bd3 Bg6 7. f4 Qb6 8. f5
Qxb2 9. Na4 Qa3 10. fxg6 hxg6 11. Nc5 e5 12. Nb3 e4 13. Bf1 a5 14. Qc1 Qd6 15.
Nh3 a4 16. Nd2 Bh6 17. c4 Bxe3 18. Nxe4 Qb4+ 19. Qc3 Qxc3+ 20. Nxc3 Bxd4 21. Rc1
dxc4 22. Bxc4 O-O 23. Ne2 Re8 24. Rd1 Bc5 25. Nf4 b5 26. Bd3 Na6 27. Bb1 Ra7 28.
Kf1 Rae7 29. Ng3 Re3 30. Nd3 Bb6 31. Re1 c5 32. Rxe3 Rxe3 33. Nf4 Nb4 34. Ne4
Kg7 35. h4 f5 36. Nd6 c4 37. Nxb5 c3 38. Na3 c2 39. Nxc2 Nxc2 40. Bxc2 Rc3 41.
Bd1 Rc1 42. Ke2 Ra1 43. Kd3 Bd8 44. h5 Bg5 45. Nh3 Bh6 1/2-1/2

[Event "Bundesliga 2015-16"]
[Site "Emsdetten GER"]
[Date "2016.03.13"]
[Round "11.5"]
[Board "1"]
[White "Fressinet, Laurent"]
[Black "Adams, Michael"]
[Result "1/2-1/2"]
[WhiteTitle "GM"]
[BlackTitle "GM"]
[WhiteElo "2702"]
[BlackElo "2742"]
[WhiteTeam "SV Werder Bremen"]
[BlackTeam "OSG Baden-Baden"]
[WhiteFideId "608742"]
[BlackFideId "400041"]
[EventDate "2015.09.18"]
[EventType "team"]

1. e4 e5 2. Nf3 Nc6 3. Bb5 a6 4. Ba4 Nf6 5. O-O Be7 6. d3 d6 7. c3 O-O 8. Nbd2
Re8 9. Re1 Bf8 10. Nf1 h6 11. h3 b5 12. Bb3 Be6 13. Ne3 Qd7 14. Nh2 Ne7 15. Nhg4
Nxg4 16. Nxg4 c5 17. a4 h5 18. Nh2 g6 19. Nf3 Bxb3 20. Qxb3 Qc6 21. Bg5 Reb8 22.
Qd1 b4 23. Nd2 Ra7 24. Nc4 Bg7 25. Bxe7 Rxe7 26. a5 Reb7 27. Nb6 bxc3 28. bxc3
Bf6 29. Nd5 Bd8 30. Ra2 Rb2 31. Qa1 Qb5 32. Rxb2 Qxb2 33. Qa4 Rb5 34. c4 Qb3 35.
Qxb3 Rxb3 36. Rd1 Kg7 37. Kf1 Ra3 38. Ke2 Rxa5 39. Rb1 Ra2+ 40. Kf3 a5 41. Rb8
Bg5 42. Nc7 Bd2 43. Ne8+ Kh7 44. Rb7 Be1 45. Rxf7+ Kh6 46. Re7 a4 47. Nxd6 Rxf2+
48. Ke3 a3 49. Nf7+ Kg7 50. Nxe5+ Kf6 51. Nc6 a2 52. e5+ Kf5 53. Rf7+ Ke6 54.
Re7+ Kf5 55. Rf7+ Ke6 56. Re7+ Kf5 1/2-1/2

[Event "Bundesliga 2015-16"]
[Site "Emsdetten GER"]
[Date "2016.03.13"]
[Round "11.5"]
[Board "7"]
[White "Werle, Jan"]
[Black "Nisipeanu, Liviu-Dieter"]
[Result "1/2-1/2"]
[WhiteTitle "GM"]
[BlackTitle "GM"]
[WhiteElo "2534"]
[BlackElo "2678"]
[WhiteTeam "SV Werder Bremen"]
[BlackTeam "OSG Baden-Baden"]
[WhiteFideId "1006088"]
[BlackFideId "1202758"]
[EventDate "2015.09.18"]
[EventType "team"]

1. d4 Nf6 2. c4 e6 3. Nc3 Bb4 4. e3 c5 5. Ne2 cxd4 6. exd4 O-O 7. a3 Be7 8. Nf4
d6 9. Be2 e5 10. Nfd5 Nxd5 11. Nxd5 Nc6 12. dxe5 dxe5 13. O-O Bg5 14. f4 exf4
15. Bxf4 Bxf4 16. Rxf4 Be6 17. Qd2 Bxd5 18. cxd5 Qd6 19. Rd1 Ne5 20. Qb4 Rfd8
21. Qxd6 Rxd6 22. Rb4 b6 23. Ra4 Kf8 24. Kf2 a5 25. b4 Rf6+ 26. Ke1 Ke7 27. bxa5
Rxa5 28. Re4 Kd6 29. Rb4 Nd7 30. Bf3 Rxa3 31. Rc1 Re3+ 32. Kf2 Re5 33. Rc6+ Ke7
34. Ra4 Rd6 35. Ra7 h5 1/2-1/2

[Event "Bundesliga 2015-16"]
[Site "Griesheim GER"]
[Date "2016.03.13"]
[Round "11.7"]
[Board "1"]
[White "Wagner, Dennis"]
[Black "Almasi, Zoltan"]
[Result "1/2-1/2"]
[WhiteTitle "GM"]
[BlackTitle "GM"]
[WhiteElo "2579"]
[BlackElo "2700"]
[WhiteTeam "SV 1930 Hockenheim"]
[BlackTeam "USV TU Dresden"]
[WhiteFideId "24650684"]
[BlackFideId "702293"]
[EventDate "2015.09.18"]
[EventType "team"]

1. d4 Nf6 2. c4 e6 3. Nc3 Bb4 4. Nf3 c5 5. g3 Nc6 6. Bg2 Ne4 7. Bd2 Nxd2 8. Qxd2
cxd4 9. Nxd4 Ne5 10. Nf3 Nxf3+ 11. Bxf3 Qc7 12. a3 Be7 13. Nb5 Qb6 14. b4 d5 15.
Qf4 O-O 16. Nc7 Rb8 17. c5 Bxc5 18. bxc5 Qa5+ 19. Kf1 Bd7 20. Kg2 Rbc8 21. Nxd5
exd5 22. Bxd5 b6 23. Rhd1 Qxc5 24. e4 Be6 25. a4 1/2-1/2

[Event "Bundesliga 2015-16"]
[Site "Griesheim GER"]
[Date "2016.03.13"]
[Round "11.7"]
[Board "2"]
[White "Bartel, Mateusz"]
[Black "Balogh, Csaba"]
[Result "0-1"]
[WhiteTitle "GM"]
[BlackTitle "GM"]
[WhiteElo "2623"]
[BlackElo "2659"]
[WhiteTeam "USV TU Dresden"]
[BlackTeam "SV 1930 Hockenheim"]
[WhiteFideId "1112635"]
[BlackFideId "718939"]
[EventDate "2015.09.18"]
[EventType "team"]

1. e4 e5 2. Nf3 Nc6 3. Bb5 Nf6 4. d3 Bc5 5. Nbd2 O-O 6. Nb3 Bd6 7. O-O Re8 8.
Bg5 h6 9. Bh4 a6 10. Bxc6 dxc6 11. Na5 c5 12. Qe1 Qe7 13. a4 Qe6 14. Nc4 Nh5 15.
a5 f6 16. Nfd2 Bf8 17. f3 Qc6 18. Bf2 Nf4 19. Kh1 Ne6 20. Ne3 Nd4 21. c3 Nb5 22.
Nd5 Be6 23. c4 Nd4 24. Bxd4 cxd4 25. f4 exf4 26. Nxf4 Bf7 27. Nf3 Qd7 28. Qf2
Rad8 29. Ne2 f5 30. exf5 Qxf5 31. Ng3 Qf4 32. Qc2 Bg6 33. Nd2 Qg4 34. Nde4 Bd6
35. Nxd6 Rxd6 36. c5 Rde6 37. Qb3 Kh7 38. Rad1 Re3 39. Kg1 h5 40. Qxb7 Bxd3 41.
Rf3 h4 42. Rxd3 hxg3 0-1

[Event "Bundesliga 2015-16"]
[Site "Griesheim GER"]
[Date "2016.03.13"]
[Round "11.7"]
[Board "4"]
[White "Dziuba, Marcin"]
[Black "Buhmann, Rainer"]
[Result "1/2-1/2"]
[WhiteTitle "GM"]
[BlackTitle "GM"]
[WhiteElo "2558"]
[BlackElo "2612"]
[WhiteTeam "USV TU Dresden"]
[BlackTeam "SV 1930 Hockenheim"]
[WhiteFideId "1112953"]
[BlackFideId "4651340"]
[EventDate "2015.09.18"]
[EventType "team"]

1. d4 d5 2. c4 e6 3. Nf3 Nf6 4. g3 Be7 5. Bg2 O-O 6. O-O c6 7. Nbd2 b6 8. Qc2
Bb7 9. e4 Na6 10. e5 Nd7 11. a3 c5 12. dxc5 bxc5 13. Re1 Nc7 14. Nb3 Rb8 15. Na5
Ba8 16. Bd2 Nb6 17. b3 Qd7 18. Red1 f6 19. h4 d4 20. Re1 Kh8 21. Rad1 f5 22. Ng5
Bxg2 23. Kxg2 Na6 24. Qd3 Rbc8 25. Qf3 Nb8 26. Nb7 Nc6 27. Nd6 Bxd6 28. exd6 e5
29. Qh5 g6 30. Qh6 Rf6 31. h5 Qg7 32. Qxg7+ Kxg7 33. h6+ Kg8 34. b4 Nd7 35. bxc5 1/2-1/2

[Event "Bundesliga 2015-16"]
[Site "Griesheim GER"]
[Date "2016.03.13"]
[Round "11.7"]
[Board "5"]
[White "Baramidze, David"]
[Black "Maiwald, Jens-Uwe"]
[Result "1/2-1/2"]
[WhiteTitle "GM"]
[BlackTitle "GM"]
[WhiteElo "2604"]
[BlackElo "2452"]
[WhiteTeam "SV 1930 Hockenheim"]
[BlackTeam "USV TU Dresden"]
[WhiteFideId "4667719"]
[BlackFideId "4612396"]
[EventDate "2015.09.18"]
[EventType "team"]

1. e4 d6 2. d4 Nf6 3. Nc3 g6 4. Be3 a6 5. f3 Nbd7 6. Qd2 b5 7. g4 h6 8. Nge2 Bb7
9. h4 Nb6 10. Ng3 e6 11. O-O-O b4 12. Nb1 a5 13. Bb5+ c6 14. Bd3 Qc7 15. Qf2
Nfd7 16. h5 g5 17. f4 gxf4 18. Qxf4 Be7 19. Rhf1 Bf6 20. Nd2 O-O-O 21. Nf3 Rdg8
22. Kb1 c5 23. dxc5 dxc5 24. Qxc7+ Kxc7 25. Nh2 Be5 26. Rf3 Bc6 27. Rg1 Rg7 28.
Rff1 a4 29. Nf3 Rxg4 30. Nxe5 Nxe5 31. Bxc5 b3 32. Bd4 Nbd7 33. axb3 axb3 34.
Ne2 Rhg8 35. Nc1 Rxg1 36. Rxg1 Rxg1 37. Bxg1 Nxd3 38. cxd3 Bb5 39. Be3 Nf6 40.
Bf4+ Kc6 41. Bxh6 Nxh5 42. Ka1 e5 43. Nxb3 Bxd3 44. Nd2 Kd6 45. b4 Ng3 46. Be3
Nxe4 47. Nxe4+ Bxe4 48. Kb2 f5 49. Kc3 f4 50. Bc1 Bf5 51. Kd2 Kd5 52. Ke2 Bg4+
53. Kf2 Kc4 54. b5 Kd3 55. b6 Bc8 56. Bxf4 exf4 57. Kf3 1/2-1/2